Veřejné zdravotnictví a výchova ke zdraví pro zdravotnické obory, 2., aktualizované a rozšířené vydání

Saved in:
Bibliographic Details
Main Author Hamplová, Lidmila
Format Electronic eBook
LanguageCzech
Published Grada 2026
Edition1. elektronické vydání
Subjects
Online AccessDostupné v BOOKPORT po přihlášení pomocí eduID
ISBN978-80-247-8635-3
978-80-271-5435-7
Physical Description1 online zdroj (216 stran)

Cover

LEADER 00000nam a2200000 i 4500
001 bkp13957
003 CZ-prgp
005 20260407112623.0
006 m o d
007 cr cn
008 260407s2026 xr o 000 0 cze
020 |a 978-80-247-8635-3  |c 288 Kč  |q (online ; pdf) 
020 |a 978-80-271-5435-7  |c 345 Kč  |q (print) 
040 |a Grada  |b cze  |e rda 
100 1 |a Hamplová, Lidmila 
245 1 0 |a Veřejné zdravotnictví a výchova ke zdraví  |b pro zdravotnické obory, 2., aktualizované a rozšířené vydání  |c Lidmila Hamplová 
250 |a 1. elektronické vydání 
264 1 |b Grada  |c 2026 
300 |a 1 online zdroj (216 stran) 
336 |a text  |b txt  |2 rdacontent 
337 |a počítač  |b c  |2 rdamedia 
338 |a online zdroj  |b cr  |2 rdacarrier 
520 3 |a Publikace obsahuje nejaktuálnější strategické dokumenty pro oblast podpory veřejného zdraví na úrovni WHO, EU a ČR včetně aktuální legislativy. Prezentuje nejnovější metody výchovy ke zdravotní gramotnosti a výsledky studií věnovaných porovnání zdravotní gramotnosti obyvatel vybraných států EU včetně České republiky. 
650 0 4 |a Teoretické obory 
856 4 0 |u https://www.bookport.cz/AccountSaml/SignIn/?idp=https://shibboleth.utb.cz/idp/shibboleth&returnUrl=/kniha/verejne-zdravotnictvi-a-vychova-ke-zdravi-15934/  |y Dostupné v BOOKPORT po přihlášení pomocí eduID